|
|
|
|
| LEADER |
01667nam a2200277 a 4500 |
| 003 |
GR-PaULI |
| 005 |
20250111063352.0 |
| 008 |
190611s2011 gr |||| 000 0 gre d |
| 952 |
|
|
|0 0
|1 0
|2 ddc
|4 0
|6 364_133000000000000_8_SHA
|7 0
|9 232970
|a LISA
|b LISA
|c BSC
|d 2019-06-11
|i 15233
|l 0
|o 364.133 8 SHA
|p 025000263069
|r 2019-06-11 00:00:00
|t 1
|w 2019-06-11
|y BK15
|
| 999 |
|
|
|c 141425
|d 141425
|
| 020 |
|
|
|a 9789604842674
|
| 040 |
|
|
|a GR-PaULI
|b gre
|c GR-PaULI
|d GR-AiPI
|e AACR2
|
| 082 |
0 |
4 |
|a 364.133 8
|2 23
|
| 100 |
1 |
|
|9 176234
|a Shaxson, Nicholas,
|d 1966-
|e συγγραφέας.
|
| 240 |
|
|
|a Treasure Islands
|
| 245 |
1 |
0 |
|a Offshore :
|b τα νησιά των θησαυρών : πώς οι πλούσιοι γίνονται πλουσιότεροι ενώ οι υπόλοιποι πληρώνουν όλους τους φόρους / |
|c Nicholas Shaxson : μετάφραση Νίκος Ρούσσος ; επιστημονική επιμέλεια - πρόλογος στη ελληνική έκδοση : Κώστας Μελάς.
|
| 260 |
|
|
|a Μεταμόρφωση Αττικής :
|b Εκδόσεις Παπαδόπουλος,
|c 2011.
|
| 300 |
|
|
|a 411 σ. ;
|c 21 εκ.
|
| 500 |
|
|
|a Τίτλος πρωτοτύπου : Treasure Islands.
|
| 650 |
|
0 |
|a Τράπεζες και τραπεζικές εργασίες
|9 21900
|
| 650 |
|
4 |
|9 176237
|a Φορολογικοί παράδεισοι
|
| 650 |
|
4 |
|9 176238
|a Εταιρείες, Ξένες
|x Φορολογίες
|
| 650 |
|
4 |
|9 176239
|a Οικονομικά εγκλήματα
|z Ηνωμένες Πολιτείες Αμερικής
|
| 650 |
|
0 |
|9 86261
|a Φοροδιαφυγή
|
| 942 |
|
|
|2 ddc
|c BK15
|
| 998 |
|
|
|c ΜΙΧΟΣΤΑΥΡΟΥ
|d 2019-06
|